| 000 | 00631nam a2200217Ii 4500 | ||
|---|---|---|---|
| 003 | JO-AjNU | ||
| 008 | 230606s9999||||xx |||||||||||||| ||und|| | ||
| 020 | _a0-273-03312-3 | ||
| 040 |
_aJO-AjNU _beng _erda _cJO-AjNU |
||
| 041 | _aeng | ||
| 050 | 1 | 4 | _aHF5625. G58 1992 |
| 100 | 3 |
_aGlautier,M W E/ Underdown B, _eauthor _93393 |
|
| 245 | 0 | 0 | _aAccounting Theory and Practice: solutions manual |
| 250 | _a1 ed | ||
| 264 | 3 | 1 | _aLondon: Pitman Publishing,1992 |
| 300 | _a167p | ||
| 336 |
_atext _btxt _2rdacontent |
||
| 337 |
_aunmediated _bn _2rdamedia |
||
| 338 |
_avolume _bnc _2rdacarrier |
||
| 650 | 4 |
_aAccounting Theory _93394 |
|
| 999 |
_aE1772 _c1772 _d1772 |
||